Design of Machine Elements/ (Record no. 172499)

MARC details
000 -LEADER
fixed length control field 00630nam a22002297a 4500
005 - DATE AND TIME OF LATEST TRANSACTION
control field 20200206121428.0
010 ## - LCCN (DPL NO)
LC control number ENG-127660
020 ## - INTERNATIONAL STANDARD BOOK NUMBER
International Standard Book Number 9789353433130
Terms of availability 899.00
035 ## - SYSTEM CONTROL NUMBER
System control number EN-111192
037 ## - SOURCE OF ACQUISITION
Source of stock number/acquisition DBAD/PUB
082 ## - DEWEY DECIMAL CLASSIFICATION NUMBER
Classification number 621.815
100 ## - MAIN ENTRY--PERSONAL NAME
Personal name Spotts,M.F
245 ## - TITLE STATEMENT
Title Design of Machine Elements/
250 ## - EDITION STATEMENT
Edition statement 8th rev.
260 ## - PUBLICATION, DISTRIBUTION, ETC. (IMPRINT)
Place of publication, distribution, etc Noida
Name of publisher, distributor, etc Pearson
Date of publication, distribution, etc 2019
270 ## - ADDRESS
City Noida
Address 15th floor,Tower-B,World Trade Tower,plot no.1,Block-c,sector 16
Postal code 201301
300 ## - PHYSICAL DESCRIPTION
Extent xvii;714
Other physical details 23cm(pbk)
700 ## - ADDED ENTRY--PERSONAL NAME
Personal name Spotts,M.F
700 ## - ADDED ENTRY--PERSONAL NAME
Personal name Shoup,T.E
760 ## - MAIN SERIES ENTRY
Edition Hornberger,L.E
942 ## - ADDED ENTRY ELEMENTS (KOHA)
Source of classification or shelving scheme Dewey Decimal Classification
Item type English Books
Classification part 004
Call number suffix SPO
Holdings
Withdrawn status Lost status Not for loan Collection code Home library Current library Date acquired Source of acquisition Cost, normal purchase price Full call number Barcode Copy number Cost, replacement price Koha item type
      Non-fiction Sarojini Nagar Sarojini Nagar 06/02/2020 DBAD/PUB 899.00 004 SPO EN-111192 1 899.00 English Books

© Delhi Public Library
Hit Counter
free hit counter